<?xml version="1.0" encoding="UTF-8"?>
<collection xmlns="http://www.loc.gov/MARC21/slim">
<record>
  <controlfield tag="001">111773</controlfield>
  <controlfield tag="005">20220329090259.0</controlfield>
  <datafield tag="037" ind1=" " ind2=" ">
    <subfield code="a">TAZ-TFG-2019-805</subfield>
  </datafield>
  <datafield tag="041" ind1=" " ind2=" ">
    <subfield code="a">spa</subfield>
  </datafield>
  <datafield tag="100" ind1="1" ind2=" ">
    <subfield code="a">Castán Torralba, Cristina</subfield>
  </datafield>
  <datafield tag="242" ind1="0" ind2="0">
    <subfield code="a">Primary aldosteronism: a case report</subfield>
  </datafield>
  <datafield tag="245" ind1="0" ind2="0">
    <subfield code="a">Hiperaldosteronismo primario: a propósito de un caso</subfield>
  </datafield>
  <datafield tag="260" ind1=" " ind2=" ">
    <subfield code="a">Zaragoza</subfield>
    <subfield code="b">Universidad de Zaragoza</subfield>
    <subfield code="c">2019</subfield>
  </datafield>
  <datafield tag="506" ind1=" " ind2=" ">
    <subfield code="a">by-nc-sa</subfield>
    <subfield code="b">Creative Commons</subfield>
    <subfield code="c">3.0</subfield>
    <subfield code="u">http://creativecommons.org/licenses/by-nc-sa/3.0/</subfield>
  </datafield>
  <datafield tag="520" ind1=" " ind2=" ">
    <subfield code="a">El hiperaldosteronismo primario es una patología de la glándula suprarrenal que cursa con un aumento de aldosterona. Es una de las principales etiologías de hipertensión arterial de causa conocida. Los pacientes que lo presentan tienen mayor riesgo cardiovascular que aquellos con hipertensión arterial esencial, por lo que un diagnóstico y tratamiento precoz disminuye la morbimortalidad asociada. Es necesario realizar un cribado y posterior confirmación diagnóstica y etiológica en determinados pacientes para así, prescribir el tratamiento más adecuado.  Una de las  causas más frecuentes de hiperaldosteronismo primario es el adenoma  suprarrenal, en cuyo caso el tratamiento de elección es la suprarrenalectomía por vía laparoscópica.   Este trabajo se ha centrado en el estudio de esta patología suprarrenal en profundidad; describiendo inicialmente el desarrollo embriológico de las glándulas y su anatomía, para posteriormente, y a raíz de un caso clínico, realizar una exhaustiva revisión bibliográfica y puesta al día sobre el tema.&lt;br /></subfield>
  </datafield>
  <datafield tag="521" ind1=" " ind2=" ">
    <subfield code="a">Graduado en Medicina</subfield>
  </datafield>
  <datafield tag="540" ind1=" " ind2=" ">
    <subfield code="a">Derechos regulados por licencia Creative Commons</subfield>
  </datafield>
  <datafield tag="700" ind1=" " ind2=" ">
    <subfield code="a">Luesma Bartolomé, María José</subfield>
    <subfield code="e">dir.</subfield>
  </datafield>
  <datafield tag="700" ind1=" " ind2=" ">
    <subfield code="a">Fernando Trebolle, José</subfield>
    <subfield code="e">dir.</subfield>
  </datafield>
  <datafield tag="710" ind1="2" ind2=" ">
    <subfield code="a">Universidad de Zaragoza</subfield>
    <subfield code="b">Anatomía e Histología Humanas</subfield>
    <subfield code="c">Anatomía y Embriología Humana</subfield>
  </datafield>
  <datafield tag="856" ind1="0" ind2=" ">
    <subfield code="f">614595@celes.unizar.es</subfield>
  </datafield>
  <datafield tag="856" ind1="4" ind2=" ">
    <subfield code="s">5267518</subfield>
    <subfield code="u">http://zaguan.unizar.es/record/111773/files/TAZ-TFG-2019-805.pdf</subfield>
    <subfield code="y">Memoria (spa)</subfield>
  </datafield>
  <datafield tag="909" ind1="C" ind2="O">
    <subfield code="o">oai:zaguan.unizar.es:111773</subfield>
    <subfield code="p">driver</subfield>
    <subfield code="p">trabajos-fin-grado</subfield>
  </datafield>
  <datafield tag="950" ind1=" " ind2=" ">
    <subfield code="a"></subfield>
  </datafield>
  <datafield tag="980" ind1=" " ind2=" ">
    <subfield code="a">TAZ</subfield>
    <subfield code="b">TFG</subfield>
    <subfield code="c">MED</subfield>
  </datafield>
  <datafield tag="999" ind1=" " ind2=" ">
    <subfield code="a">20190528132432.CREATION_DATE</subfield>
  </datafield>
  <datafield tag="951" ind1=" " ind2=" ">
    <subfield code="a">deposita:2022-03-29</subfield>
  </datafield>
</record>
</collection>